[Event "Andorra open"]
[Site "Erts - La Massana"]
[Date "2012.07.23"]
[Round "3.1"]
[White "Demuth, Adrien"]
[Black "Georgiev, Kiril"]
[Result "1/2-1/2"]
[WhiteElo "2460"]
[BlackElo "2680"]
[PlyCount "51"]
[EventDate "2012.07.21"]

1. Nf3 d5 2. d4 Nf6 3. c4 c6 4. Nc3 dxc4 5. a4 Bf5 6. Ne5 e6 7. f3 c5 8. e4 Bg6
9. Be3 cxd4 10. Qxd4 Qxd4 11. Bxd4 Nfd7 12. Nxd7 Nxd7 13. Bxc4 a6 14. Rd1 Rc8
15. Bb3 Rg8 16. h4 h6 17. a5 Bd6 18. Ba4 Ke7 19. Bxd7 Kxd7 20. Be5 Rc6 21. h5
Bh7 22. Kf2 Ke7 23. Bxd6+ Rxd6 24. Rxd6 Kxd6 25. Rd1+ Kc7 26. b4 1/2-1/2

[Event "Andorra open"]
[Site "Erts - La Massana"]
[Date "2012.07.23"]
[Round "3.4"]
[White "Hammer, Jon Ludvig"]
[Black "Vila Gazquez, Xavier"]
[Result "1-0"]
[WhiteElo "2638"]
[BlackElo "2454"]
[PlyCount "85"]
[EventDate "2012.07.21"]

1. d4 d5 2. c4 dxc4 3. e3 e5 4. Bxc4 exd4 5. exd4 Nf6 6. Nf3 Bd6 7. O-O O-O 8.
Nc3 Nc6 9. Bg5 h6 10. Bh4 Bg4 11. Re1 Bxf3 12. Qxf3 Nxd4 13. Qd3 Ne6 14. Rad1
Nf4 15. Qc2 g5 16. Bg3 Kg7 17. Bxf4 gxf4 18. Nb5 Re8 19. Nd4 Ng8 20. Bxf7 Rxe1+
21. Rxe1 Qf6 22. Ne6+ Kh8 23. Bh5 Ne7 24. Qe4 Nc6 25. Bd1 Qe5 26. Qxe5+ Bxe5
27. Bf3 Bxb2 28. Nxf4 Nd4 29. Bxb7 Rb8 30. Ba6 Ba3 31. Bd3 Bd6 32. Nh5 c5 33.
f4 Rc8 34. Rc1 Re8 35. Kf2 Rb8 36. Re1 c4 37. Bxc4 Bc5 38. Re5 Bb6 39. Kg3 Rc8
40. Bd3 Kg8 41. Bg6 Nc2 42. Re7 Bd4 43. f5 1-0

[Event "Andorra open"]
[Site "Erts - La Massana"]
[Date "2012.07.23"]
[Round "3.5"]
[White "Jerez Perez, Alfonso"]
[Black "Iturrizaga, Eduardo"]
[Result "1/2-1/2"]
[WhiteElo "2407"]
[BlackElo "2628"]
[PlyCount "54"]
[EventDate "2012.07.21"]

1. e4 c5 2. Nf3 d6 3. d4 cxd4 4. Nxd4 Nf6 5. Nc3 g6 6. g3 Bg7 7. Bg2 O-O 8. O-O
Nc6 9. Nde2 Rb8 10. a4 b6 11. Nd5 Ba6 12. Re1 Nd7 13. Nec3 Nc5 14. Nb5 Bb7 15.
c3 a6 16. Nd4 e6 17. Nxc6 Bxc6 18. Nb4 Ba8 19. Bf4 Rb7 20. Qe2 a5 21. Nc2 e5
22. Be3 Rd7 23. Bxc5 dxc5 24. Red1 Bc6 25. Ne3 Rxd1+ 26. Rxd1 Qa8 27. Qc4 Rd8
1/2-1/2

[Event "Andorra open"]
[Site "Erts - La Massana"]
[Date "2012.07.23"]
[Round "3.6"]
[White "Peralta, Fernando"]
[Black "Wegerle, Joerg"]
[Result "1/2-1/2"]
[WhiteElo "2602"]
[BlackElo "2421"]
[PlyCount "161"]
[EventDate "2012.07.21"]

1. d4 e6 2. c4 Nf6 3. Nc3 Bb4 4. e3 O-O 5. Bd3 d5 6. Nf3 b6 7. a3 Bxc3+ 8. bxc3
dxc4 9. Bxc4 Bb7 10. O-O c5 11. Bd3 Qc7 12. Re1 Be4 13. Bf1 Nbd7 14. Nd2 Bb7
15. Bb2 Rac8 16. Rc1 Ne4 17. Nxe4 Bxe4 18. f3 Bb7 19. e4 Nf6 20. a4 Rfd8 21.
Qd2 Bc6 22. Ra1 Qd7 23. Qd1 Rb8 24. Qb3 b5 25. a5 Qe7 26. Red1 h6 27. Qa3 b4
28. cxb4 cxb4 29. Qb3 Bb5 30. Bxb5 Rxb5 31. Rdc1 Rdb8 32. Rc6 Qd8 33. a6 R5b6
34. Rac1 Rxc6 35. Rxc6 Rc8 36. Rxc8 Qxc8 37. Qxb4 Qxa6 38. h3 Qe2 39. Kh2 a5
40. Qb8+ Kh7 41. d5 exd5 42. Bxf6 gxf6 43. Qf8 dxe4 44. Qxf7+ Kh8 45. Qxf6+ Kh7
46. Qf5+ Kg7 47. fxe4 Qa6 48. e5 a4 49. Qd7+ Kg6 50. e6 Qc4 51. e7 Qf4+ 52. Kg1
Qe3+ 53. Kf1 Qf4+ 54. Ke2 Qe4+ 55. Kd1 Qb1+ 56. Kd2 Qb2+ 57. Kd3 Qb3+ 58. Ke4
Qc4+ 59. Ke5 Qc5+ 60. Ke6 Qc4+ 61. Kd6 Qd4+ 62. Kc6 Qc4+ 63. Kb6 Qb4+ 64. Ka6
Qc4+ 65. Ka5 Qc5+ 66. Kxa4 Qc4+ 67. Ka5 Qc5+ 68. Ka6 Qc4+ 69. Kb6 Qb4+ 70. Kc7
Qa5+ 71. Kb7 Qb4+ 72. Kc8 Qc5+ 73. Kb8 Qb6+ 74. Qb7 Qe6 75. Qb4 Kf7 76. Kc7
Qe5+ 77. Qd6 Qa5+ 78. Kc6 Qa8+ 79. Kd7 Qb7+ 80. Qc7 Qd5+ 81. Qd6 1/2-1/2

[Event "Andorra open"]
[Site "Erts - La Massana"]
[Date "2012.07.23"]
[Round "3.8"]
[White "Solodovnichenko, Yuri"]
[Black "Prasca Sosa, Rafael"]
[Result "1/2-1/2"]
[WhiteElo "2598"]
[BlackElo "2415"]
[PlyCount "173"]
[EventDate "2012.07.21"]

1. c4 e6 2. g3 d5 3. Bg2 c6 4. b3 Nf6 5. Nf3 Nbd7 6. Bb2 Be7 7. O-O b6 8. d3
Bb7 9. Nbd2 O-O 10. e4 dxe4 11. dxe4 Nc5 12. e5 Nfd7 13. Qc2 a5 14. h4 Re8 15.
Rad1 h6 16. Rfe1 Qc7 17. Nf1 Nf8 18. Nd4 Rad8 19. Ne3 Rd7 20. Re2 Red8 21. Red2
Ng6 22. f4 Bxh4 23. gxh4 Nxf4 24. Nf3 Ncd3 25. c5 Nxc5 26. Rxd7 Rxd7 27. Rxd7
Nxd7 28. Bh1 c5 29. Kh2 Ng6 30. Kg1 Bxf3 31. Bxf3 Ndxe5 32. Bg2 Nxh4 33. Qe4
Nhg6 34. Nc4 Nxc4 35. bxc4 Qd6 36. Bc3 Qd1+ 37. Kf2 Qc1 38. Qe3 Qc2+ 39. Kg3
Ne7 40. Be4 Nf5+ 41. Bxf5 Qxf5 42. Qe5 Qg6+ 43. Kf3 h5 44. Ke3 h4 45. Kf2 Qg4
46. Bd2 Qxc4 47. Qb8+ Kh7 48. Qxb6 Qxa2 49. Qd8 Qc4 50. Qxa5 Qd3 51. Be3 Qf5+
52. Ke1 Qe5 53. Qd2 Qe4 54. Kf2 h3 55. Kg3 Qf5 56. Qc1 Qh5 57. Qxc5 Qxc5 58.
Bxc5 Kg6 59. Kxh3 Kf5 60. Kg3 Ke4 61. Bf8 g6 62. Be7 f5 63. Bg5 e5 64. Bf6 Kd5
65. Kf3 Ke6 66. Bg5 Kf7 67. Ke3 Ke6 68. Kf3 Kd5 69. Bf6 Kd4 70. Kf2 Ke4 71. Kg3
Kd5 72. Kf3 Ke6 73. Bg5 Kd7 74. Bf6 Kd6 75. Ke3 Ke6 76. Bd8 Kd5 77. Bg5 e4 78.
Bd8 Kc5 79. Be7+ Kc4 80. Bf6 Kb3 81. Bg5 Kc3 82. Bf4 Kc2 83. Ke2 Kb3 84. Ke3
Kc4 85. Bg5 Kd5 86. Bd8 Kd6 87. Kd4 1/2-1/2

[Event "Andorra open"]
[Site "Erts - La Massana"]
[Date "2012.07.23"]
[Round "3.9"]
[White "Dgebuadze, Alexandre"]
[Black "Baches Garcia, Guillermo"]
[Result "1/2-1/2"]
[WhiteElo "2563"]
[BlackElo "2389"]
[PlyCount "56"]
[EventDate "2012.07.21"]

1. e4 c5 2. Nf3 d6 3. d4 cxd4 4. Nxd4 Nf6 5. Nc3 Nc6 6. Bc4 Bd7 7. O-O g6 8.
Nxc6 Bxc6 9. Bg5 Bg7 10. Nd5 Bxd5 11. exd5 O-O 12. Re1 Qd7 13. Qf3 Rfc8 14. Bb3
b5 15. a4 a6 16. h3 Qb7 17. Re2 Rc7 18. Ra2 Rb8 19. axb5 axb5 20. Qd3 Kf8 21.
Re1 h6 22. Bh4 Rc5 23. Rea1 g5 24. Bg3 Qc7 25. h4 Nd7 26. hxg5 hxg5 27. Qe3 Bf6
28. Ra7 Qc8 1/2-1/2

[Event "Andorra open"]
[Site "Erts - La Massana"]
[Date "2012.07.23"]
[Round "3.10"]
[White "Marin, Mihail"]
[Black "Ynojosa, Felix Jose"]
[Result "1/2-1/2"]
[WhiteElo "2548"]
[BlackElo "2374"]
[PlyCount "65"]
[EventDate "2012.07.21"]

1. d4 Nf6 2. Nf3 e6 3. e3 c5 4. Bd3 b6 5. O-O Be7 6. b3 Bb7 7. Bb2 O-O 8. c4
cxd4 9. exd4 d5 10. Nbd2 Nc6 11. Rc1 Rc8 12. Qe2 Bb4 13. Rfd1 Ne7 14. Nf1 Bd6
15. Ne5 Ng6 16. Qe3 Qe7 17. Rc2 Rfd8 18. Rdc1 dxc4 19. Bxg6 hxg6 20. bxc4 Rc7
21. Nxg6 fxg6 22. c5 Nd5 23. cxd6 Qxd6 24. Qd2 Rdc8 25. Rxc7 Rxc7 26. Rxc7 Qxc7
27. f3 Qc4 28. a3 a5 29. Ng3 a4 30. Ne4 Nf6 31. Nxf6+ gxf6 32. d5 Qxd5 33. Qxd5
1/2-1/2

[Event "Andorra open"]
[Site "Erts - La Massana"]
[Date "2012.07.23"]
[Round "3.11"]
[White "Vehi Bach, Victor Manuel"]
[Black "Zoler, Dan"]
[Result "1/2-1/2"]
[WhiteElo "2362"]
[BlackElo "2527"]
[PlyCount "155"]
[EventDate "2012.07.21"]

1. e4 c5 2. Nf3 d6 3. d4 cxd4 4. Nxd4 Nf6 5. Nc3 a6 6. h3 e6 7. g4 Be7 8. Bg2
Nfd7 9. Be3 Nc6 10. Qe2 O-O 11. O-O-O Rb8 12. f4 Nxd4 13. Rxd4 b5 14. a3 Bb7
15. h4 Rc8 16. g5 Rxc3 17. bxc3 Qa5 18. Rd3 Qxa3+ 19. Kd2 Rc8 20. Qf1 Qa5 21.
e5 Bxg2 22. Qxg2 d5 23. h5 Bc5 24. g6 Bxe3+ 25. Rxe3 fxg6 26. hxg6 h6 27. Qg4
Nc5 28. Rhh3 Rf8 29. Rhf3 Qa4 30. Rd3 Kh8 31. Qh4 Ne4+ 32. Ke3 Qxc2 33. Qe7
Qc1+ 34. Ke2 Rg8 35. Qxe6 Qc2+ 36. Ke1 Nc5 37. Qxd5 Nxd3+ 38. Qxd3 Qc1+ 39. Qd1
Qb2 40. Qd3 Re8 41. Kf1 Qa2 42. Re3 Qh2 43. Rf3 a5 44. Qd7 Qh1+ 45. Kf2 Qh4+
46. Ke2 Rd8 47. Rh3 Rxd7 48. Rxh4 Kg8 49. Ke3 Kf8 50. f5 Rd5 51. Ke4 Rc5 52.
Rh3 Rc4+ 53. Kd3 Rf4 54. f6 Rg4 55. Rh5 Rxg6 56. fxg7+ Kxg7 57. e6 Rxe6 58.
Rxb5 Ra6 59. Kc2 a4 60. Kb2 a3+ 61. Ka2 Kg6 62. c4 h5 63. Rb1 Kf5 64. c5 h4 65.
Rc1 Ra8 66. c6 Ke6 67. Rh1 Ra4 68. Rc1 Ra8 69. Rh1 Rh8 70. Kxa3 Kd6 71. Kb4
Kxc6 72. Kc4 Kd6 73. Kd4 Ra8 74. Ke4 Ke6 75. Kf4 Kf6 76. Rxh4 Ra4+ 77. Kg3 Rxh4
78. Kxh4 1/2-1/2

[Event "Andorra open"]
[Site "Erts - La Massana"]
[Date "2012.07.23"]
[Round "3.12"]
[White "Comas Fabrego, Lluis"]
[Black "Berkovich, Mark A"]
[Result "1-0"]
[WhiteElo "2514"]
[BlackElo "2366"]
[PlyCount "103"]
[EventDate "2012.07.21"]

1. e4 e5 2. Nc3 Nf6 3. g3 c6 4. Nge2 d5 5. exd5 cxd5 6. d4 exd4 7. Nxd4 Be7 8.
Bg2 O-O 9. O-O Nc6 10. Be3 Ng4 11. Nxd5 Nxe3 12. fxe3 Bc5 13. c3 Ne5 14. Qh5 f6
15. Rf4 Bd7 16. Rh4 h6 17. Rf1 Qe8 18. Rxf6 Qxh5 19. Rxf8+ Rxf8 20. Rxh5 Nd3
21. Nf4 Nxf4 22. gxf4 b6 23. Rd5 Bc8 24. b4 Be7 25. a3 Bh4 26. c4 Re8 27. Nf3
Bf6 28. Ne5 Be6 29. Rd4 Bf7 30. Bd5 Bxe5 31. fxe5 Rxe5 32. Bxf7+ Kxf7 33. Rd7+
Kf6 34. Rxa7 Rxe3 35. Ra6 Ke5 36. Kf2 Rh3 37. Kg2 Rc3 38. Rxb6 Rxa3 39. c5 Kd5
40. c6 Kd6 41. b5 Ra7 42. Rb8 Kc7 43. Rg8 Kb6 44. Rb8+ Kc7 45. Re8 Kb6 46. Re5
Ra2+ 47. Kg3 Rc2 48. h3 Rc4 49. Rd5 g6 50. Kf3 Rc3+ 51. Ke4 Rc4+ 52. Kd3 1-0

[Event "Andorra open"]
[Site "Erts - La Massana"]
[Date "2012.07.23"]
[Round "3.14"]
[White "Kogan, Artur"]
[Black "Getz, Nicolai"]
[Result "1-0"]
[WhiteElo "2587"]
[BlackElo "2354"]
[PlyCount "64"]
[EventDate "2012.07.21"]

1. e4 e5 2. Nf3 d6 3. d4 exd4 4. Nxd4 Nf6 5. Nc3 Be7 6. Qf3 O-O 7. Nf5 Bxf5 8.
Qxf5 Qd7 9. Qxd7 Nbxd7 10. Bf4 Ne5 11. Be2 Ng6 12. Bg3 Rfe8 13. O-O-O Bf8 14.
f3 a6 15. h4 b5 16. h5 Ne7 17. a3 Rad8 18. Bh4 Nd7 19. a4 b4 20. Bxe7 bxc3 21.
Bxd8 Rxd8 22. Bxa6 Nc5 23. Bb5 cxb2+ 24. Kxb2 Rc8 25. Ra1 c6 26. Bc4 Rb8+ 27.
Kc3 Be7 28. Kd2 Bg5+ 29. Ke2 Bf6 30. Ra2 Rb4 31. Bb3 d5 32. exd5 cxd5 1-0

[Event "Andorra open"]
[Site "Erts - La Massana"]
[Date "2012.07.23"]
[Round "3.15"]
[White "Van Hasselt, Frank"]
[Black "Szabo, Krisztian"]
[Result "0-1"]
[WhiteElo "2230"]
[BlackElo "2548"]
[PlyCount "96"]
[EventDate "2012.07.21"]

1. c4 g6 2. g3 Bg7 3. Bg2 e5 4. Nc3 d6 5. Nf3 Nc6 6. O-O f5 7. d3 Nf6 8. Rb1 a5
9. a3 O-O 10. b4 axb4 11. axb4 h6 12. b5 Ne7 13. c5 Ne8 14. cxd6 cxd6 15. Qb3+
Kh7 16. Ne1 Rf6 17. Ba3 Be6 18. Qb2 Qd7 19. Nc2 f4 20. Qb4 Rf7 21. Ne4 Nd5 22.
Qb2 Ndf6 23. Nxf6+ Nxf6 24. Qb4 Bf8 25. Bb2 Bh3 26. Ra1 Rc8 27. Qb3 Bxg2 28.
Kxg2 Rc5 29. Na3 e4 30. dxe4 Nxe4 31. Rad1 Rh5 32. h4 d5 33. Nc2 Ng5 34. Nd4
Qh3+ 35. Kg1 Ne4 36. Qd3 Bd6 37. Qf3 Qd7 38. Qg2 fxg3 39. fxg3 Nxg3 40. Rxf7+
Qxf7 41. Rd3 Nf5 42. Rf3 Bc5 43. e3 Bxd4 44. Bxd4 Rxh4 45. Qf2 Rg4+ 46. Kf1 Qc7
47. Bb2 Qc4+ 48. Ke1 Qb4+ 0-1

[Event "Andorra open"]
[Site "Erts - La Massana"]
[Date "2012.07.23"]
[Round "3.16"]
[White "Del Rio De Angelis, Salvador G"]
[Black "Garcia Trobat, Francisco"]
[Result "1/2-1/2"]
[WhiteElo "2547"]
[BlackElo "2257"]
[PlyCount "76"]
[EventDate "2012.07.21"]

1. d4 Nf6 2. c4 e6 3. Nc3 Bb4 4. e3 Bxc3+ 5. bxc3 b6 6. Bd3 Bb7 7. f3 O-O 8. e4
d6 9. Ne2 c5 10. Bg5 cxd4 11. cxd4 e5 12. O-O Nbd7 13. f4 exd4 14. e5 dxe5 15.
fxe5 Nxe5 16. Ng3 Nxd3 17. Qxd3 Re8 18. Bxf6 gxf6 19. Nh5 Be4 20. Qg3+ Bg6 21.
Nxf6+ Kg7 22. Nxe8+ Qxe8 23. Rae1 Qd7 24. h4 h5 25. Re5 d3 26. Rd5 Qe6 27. Rxh5
Rd8 28. Re5 Qxc4 29. Qg5 Rd6 30. Rd1 d2 31. Re3 Rd5 32. Qg3 Qc2 33. Qg4 Qxd1+
34. Qxd1 Bc2 35. Qxc2 d1=Q+ 36. Qxd1 Rxd1+ 37. Kh2 Rd4 38. Kh3 Ra4 {1/2-1/2
Del Rio De Angelis,S (2547)-Garcia Trobat,F (2257)/Erts - La Massana 2012}
1/2-1/2

[Event "Andorra open"]
[Site "Erts - La Massana"]
[Date "2012.07.23"]
[Round "3.17"]
[White "Sanchez Jerez, Emilio Miguel"]
[Black "Narciso Dublan, Marc"]
[Result "1/2-1/2"]
[WhiteElo "2233"]
[BlackElo "2539"]
[PlyCount "69"]
[EventDate "2012.07.21"]

1. e4 e6 2. d4 d5 3. Nc3 Nf6 4. e5 Nfd7 5. f4 c5 6. Nf3 Nc6 7. Be3 Be7 8. Qd2
O-O 9. Be2 b6 10. O-O-O Bb7 11. g4 f6 12. exf6 Nxf6 13. Ng5 Qc8 14. Rhf1 Re8
15. Kb1 cxd4 16. Bxd4 Nxd4 17. Qxd4 Bd6 18. Nb5 Bc5 19. Qd3 Ne4 20. Nxe4 dxe4
21. Qb3 Kh8 22. Bc4 e3 23. Nd6 Bxd6 24. Rxd6 Bd5 25. Bxd5 exd5 26. f5 Qc4 27.
Qxc4 dxc4 28. Re1 Re4 29. h3 Rae8 30. b3 h6 31. Rd7 R8e7 32. Rxe7 Rxe7 33. bxc4
Kg8 34. c3 e2 35. Kc2 1/2-1/2

[Event "Andorra open"]
[Site "Erts - La Massana"]
[Date "2012.07.23"]
[Round "3.18"]
[White "Berczes, David"]
[Black "Llaneza Vega, Patricia"]
[Result "1-0"]
[WhiteElo "2530"]
[BlackElo "2225"]
[PlyCount "87"]
[EventDate "2012.07.21"]

1. d4 Nf6 2. c4 g6 3. g3 Bg7 4. Bg2 O-O 5. Nc3 d6 6. Nf3 Nc6 7. O-O a6 8. Bf4
Rb8 9. Rc1 Bd7 10. Qd2 b5 11. Nd5 b4 12. Nxf6+ Bxf6 13. d5 Na7 14. e4 Bg7 15.
e5 Bg4 16. Qe3 Bxf3 17. Bxf3 Nc8 18. Rfe1 dxe5 19. Bxe5 Bxe5 20. Qxe5 Re8 21.
c5 Qd7 22. h4 Na7 23. Kg2 Nb5 24. h5 Qf5 25. hxg6 hxg6 26. Qxf5 gxf5 27. Rc4 a5
28. Rf4 Kg7 29. Rxf5 Nd4 30. Rfe5 Kf6 31. Bd1 b3 32. axb3 Nxb3 33. d6 cxd6 34.
cxd6 e6 35. R1e3 Nd4 36. Rxa5 Red8 37. Ra6 Rxb2 38. Rd3 Rb4 39. Ba4 Ke5 40. d7
Kf6 41. Rc3 Ke7 42. Rc8 Rb8 43. Ra7 Kf6 44. Rac7 1-0

[Event "Andorra open"]
[Site "Erts - La Massana"]
[Date "2012.07.23"]
[Round "3.19"]
[White "Norwood, David R"]
[Black "Ballester Llagaria, Luis Eduardo"]
[Result "1-0"]
[WhiteElo "2494"]
[BlackElo "2210"]
[PlyCount "83"]
[EventDate "2012.07.21"]

1. g3 e5 2. Bg2 Nc6 3. c4 f5 4. Nc3 Nf6 5. d3 g6 6. Nd5 Bg7 7. e4 d6 8. Ne2 Ne7
9. Nxf6+ Bxf6 10. Bh6 c6 11. O-O Be6 12. Qd2 Qd7 13. Rac1 Ng8 14. exf5 gxf5 15.
Be3 Ne7 16. d4 O-O 17. Rfd1 e4 18. d5 Bf7 19. dxc6 bxc6 20. Bd4 Bxd4 21. Nxd4
Ng6 22. Bh3 Be8 23. b4 a6 24. Qg5 Qe7 25. Qxe7 Nxe7 26. Ne6 Rf6 27. Rxd6 Bf7
28. Rd8+ Rxd8 29. Nxd8 Bh5 30. Nb7 Rf8 31. Nc5 Rd8 32. Bg2 Ng6 33. h3 Ne5 34.
g4 fxg4 35. hxg4 Bxg4 36. Bxe4 Be2 37. f4 Nf3+ 38. Kf2 Nd4 39. Ke3 Rd6 40. Nxa6
Bg4 41. Nb8 Kf7 42. Bxh7 1-0